<?xml version="1.0" encoding="UTF-8"?>
<record
    xmlns:xsi="http://www.w3.org/2001/XMLSchema-instance"
    xsi:schemaLocation="http://www.loc.gov/MARC21/slim http://www.loc.gov/standards/marcxml/schema/MARC21slim.xsd"
    xmlns="http://www.loc.gov/MARC21/slim">

  <leader>04102nam a22003731i 4500</leader>
  <datafield tag="999" ind1=" " ind2=" ">
    <subfield code="c">172086</subfield>
    <subfield code="d">172086</subfield>
  </datafield>
  <controlfield tag="003">OSt</controlfield>
  <controlfield tag="005">20190411175127.0</controlfield>
  <controlfield tag="008">190411t20182018pauao||gr|||| 001 0deng d</controlfield>
  <datafield tag="020" ind1=" " ind2=" ">
    <subfield code="a">9781422237670</subfield>
    <subfield code="c">RM 107.30</subfield>
    <subfield code="q">hardback</subfield>
  </datafield>
  <datafield tag="020" ind1=" " ind2=" ">
    <subfield code="a">9781422237595</subfield>
  </datafield>
  <datafield tag="040" ind1=" " ind2=" ">
    <subfield code="a">PPAK</subfield>
    <subfield code="b">eng</subfield>
    <subfield code="c">PPAK</subfield>
    <subfield code="e">rda</subfield>
  </datafield>
  <datafield tag="082" ind1="0" ind2="4">
    <subfield code="2">23</subfield>
    <subfield code="a">353.30973</subfield>
  </datafield>
  <datafield tag="090" ind1=" " ind2=" ">
    <subfield code="a">353.30973</subfield>
    <subfield code="b">KER</subfield>
    <subfield code="d">G</subfield>
  </datafield>
  <datafield tag="100" ind1="1" ind2=" ">
    <subfield code="a">Kerrigan, Michael, </subfield>
    <subfield code="e">author.</subfield>
    <subfield code="d">1959-</subfield>
  </datafield>
  <datafield tag="245" ind1="1" ind2="0">
    <subfield code="a">HOMELAND SECURITY /</subfield>
    <subfield code="c">FOREWORD BY MANNY GOMEZ, ESQ., SECURITY AND TERRORISM EXPERT ; BY MICHAEL KERRIGAN.</subfield>
  </datafield>
  <datafield tag="246" ind1="3" ind2="3">
    <subfield code="a">Department of Homeland Security.</subfield>
  </datafield>
  <datafield tag="264" ind1=" " ind2="1">
    <subfield code="a">Broomall, Pennsylvania :</subfield>
    <subfield code="b">MASON CREST ;</subfield>
    <subfield code="c">[2018]</subfield>
  </datafield>
  <datafield tag="264" ind1=" " ind2="4">
    <subfield code="c">&#xA9;2018</subfield>
  </datafield>
  <datafield tag="300" ind1=" " ind2=" ">
    <subfield code="a">80 pages :</subfield>
    <subfield code="b">illustrations , colour photographs ;</subfield>
    <subfield code="c">24 cm.</subfield>
  </datafield>
  <datafield tag="336" ind1=" " ind2=" ">
    <subfield code="2">rdacontent</subfield>
    <subfield code="a">two-dimensional moving image</subfield>
    <subfield code="b">tdi</subfield>
  </datafield>
  <datafield tag="337" ind1=" " ind2=" ">
    <subfield code="2">rdamedia</subfield>
    <subfield code="a">unmediated</subfield>
  </datafield>
  <datafield tag="338" ind1=" " ind2=" ">
    <subfield code="2">rdacarrier</subfield>
    <subfield code="a">volume</subfield>
  </datafield>
  <datafield tag="347" ind1=" " ind2=" ">
    <subfield code="2">rda</subfield>
  </datafield>
  <datafield tag="490" ind1=" " ind2=" ">
    <subfield code="a">Defending our nation.</subfield>
  </datafield>
  <datafield tag="500" ind1=" " ind2=" ">
    <subfield code="a">Includes index.</subfield>
  </datafield>
  <datafield tag="520" ind1=" " ind2=" ">
    <subfield code="a">This book honors the ordinary Americans who have sworn to defend their country as members of the National Guard. The role of the citizen-soldier is enshrined in U.S. tradition, dating back to the militias first formed by settlers in the 17th century. That same spirit of community self-defense would inspire the Minutemen, who, more than 100 years later, would rise up against the British to help establish the world s greatest democracy. Since then, whenever America has been under threat, the National Guard has provided the country s first line of defense not only against enemies but also in times of natural disasters. Citizen Soldiers offers an exciting introduction to the National Guard s structure and its unique constitutional status as a federal and state institution. Along the way, we explore its missions past and present and look into the special contributions to homeland defense made by the National Guard. PUBLISHER S NOTE: Each title in this series contains a foreword from a noted security and antiterrorism expert who has served in the FBI, Marines, and police force, color photos throughout, and back matter that includes an index, chronology, and further resource lists of books and Internet resources. Key Icons appear throughout the books in this series, encouraging library readers to build knowledge, gain awareness, explore possibilities and expand their viewpoints through our content-rich nonfiction books. Key Icons in this series are as follows: Words to Understand are shown at the front of each chapter with definitions. These words are set in boldfaced type in that chapter, so that readers can reference back to the definitions building their vocabulary and enhancing their reading comprehension. Sidebars are highlighted graphics with content rich material within that allows readers to build knowledge and broaden their perspectives by weaving together additional information to provide realistic and holistic perspectives. Text-Dependent Questions are placed at the end of each chapter. They challenge the reader s comprehension of the chapter they have just read, while sending the reader back to the text for more careful attention to the evidence presented there. Research Projects are provided at the end of each chapter as well and provide readers with suggestions for projects that encourage deeper research and analysis. Educational Videos provide links via QR codes to online video content that gives a multimedia dimension to the topics. And a Series Glossary of Key Terms is included in the back matter containing terminology used throughout the series. Words found here broaden the reader s knowledge and understanding of terms used in this field. </subfield>
  </datafield>
  <datafield tag="650" ind1="1" ind2="0">
    <subfield code="a">United States. Department of Homeland Security</subfield>
    <subfield code="v">Juvenile literature.</subfield>
  </datafield>
  <datafield tag="650" ind1="1" ind2="0">
    <subfield code="a">Terrorism</subfield>
    <subfield code="z">United States</subfield>
    <subfield code="v">Prevention</subfield>
    <subfield code="v">Juvenile literature.</subfield>
  </datafield>
  <datafield tag="650" ind1="1" ind2="0">
    <subfield code="a">National security</subfield>
    <subfield code="v">Juvenile literature.</subfield>
    <subfield code="z">United States</subfield>
  </datafield>
  <datafield tag="650" ind1="1" ind2="0">
    <subfield code="a">Civil Defense</subfield>
    <subfield code="v">Juvenile literature.</subfield>
    <subfield code="z">United States</subfield>
  </datafield>
  <datafield tag="700" ind1="1" ind2="0">
    <subfield code="a">Gomez, Manny</subfield>
    <subfield code="c">security and terrorism expert.</subfield>
    <subfield code="e">writer of foreword.</subfield>
  </datafield>
  <datafield tag="830" ind1=" " ind2=" ">
    <subfield code="a">Defending our nation.</subfield>
  </datafield>
  <datafield tag="942" ind1=" " ind2=" ">
    <subfield code="2">ddc</subfield>
    <subfield code="c">BRAY</subfield>
  </datafield>
  <datafield tag="952" ind1=" " ind2=" ">
    <subfield code="0">0</subfield>
    <subfield code="7">0</subfield>
    <subfield code="b">PPAK</subfield>
    <subfield code="c">G</subfield>
    <subfield code="d">2019-04-22</subfield>
    <subfield code="o">353.30973 KER</subfield>
    <subfield code="p">A01598476</subfield>
    <subfield code="r">2019-04-22 00:00:00</subfield>
    <subfield code="y">B</subfield>
  </datafield>
</record>
